Modern corn production

Zapisane w:
Opis bibliograficzny
1. autor: Samuel R Aldrich
Format: Książka
Język:Undetermined
Wydane: Illinois A-L 1986
Hasła przedmiotowe:
Etykiety: Dodaj etykietę
Nie ma etykietki, Dołącz pierwszą etykiete!
Thư viện lưu trữ: Trung tâm Học liệu Trường Đại học Cần Thơ
LEADER 00500nam a2200181Ia 4500
001 CTU_11632
008 210402s9999 xx 000 0 und d
082 |a 664.725 
082 |b A365 
100 |a Samuel R Aldrich 
245 0 |a Modern corn production 
245 0 |c Samuel R Aldrich, Robert G Hoeft, Walter O Scott 
260 |a Illinois 
260 |b A-L 
260 |c 1986 
650 |a corn products industry 
904 |i Minh, 961030 
980 |a Trung tâm Học liệu Trường Đại học Cần Thơ